LEADER 01172nam a2200277 u 4500 001 000000020000 003 CaOOAMICUS 005 20070226110842.0 008 950213s1954 it u000 u ita u 035 $a10483572 040 $aPUL(R)$bita$dBAV-R2 100 1 $aMorelli, Gaetano.$0(OLS)http://pul/name/17454 245 10$aDiritto processuale civile internazionale /$cGaetano Morelli. 250 $a2. ed. ... 260 $aPadova :$bCEDAM,$c1954. 300 $axiv, 433 p. ;$c25 cm 490 1 $aTrattato di diritto internazionale.$aSezione seconda ;$v4 500 $a"Indice analitico": pp. [423]-433. 504 $aBibliografia in nota. 650 4$aProcedura civile internazionale.$0(OLS)http://pul/subject/13363 830 0$aTrattato di diritto internazionale.$nSezione seconda ;$v4.$0(OLS)http://pul/title/28247 850 $aPUL 852 $aPUL$W1$xDP2 Diritto e Scienze Sociali 1$y65$m179 D 23$j28044$nBK-PRI$qStampati$B28044$CPULBib$Z2$F28044 $H20374 $82 941 1 $a8 996 $6245$aDiritto processuale civile internazionale$9(OLS)http://pul/title/28246 996 $6260$aPadova :$bCEDAM$9(OLS)http://pul/publisher/48126 LEADER 01225nam a2200277 u 4500 001 000000042473 003 CaOOAMICUS 005 20070226114329.0 008 990301s1974 enk u000 u eng u 035 $a10815803 040 $aPUL(R)$bita 100 1 $aDalton, George.$0(OLS)http://pul/name/31190 245 10$aEconomics systems and society :$bcapitalism, communism and the third world /$cGeorge Dalton. 260 $aHarmondsworth, Middlesex :$bPenguin Education,$cc1974. 300 $a250 p. ;$c18 cm 490 1 $aPenguin modern economics texts 500 $aContiene indici. 504 $aBibliografia: p. 221-230. 650 4$aSviluppo economico e aree sottosviluppate.$0(OLS)http://pul/subject/18886 830 0$aPenguin modern economics texts.$0(OLS)http://pul/title/57302 850 $aPUL 852 $aPUL$W1$xDP1 Cons. Gen., Altre Classi 1$y22$m46 B 25$j57397$nBK-PRI$b $qStampati$B57397$CPULBib$Z2$F57397 $H $81 941 1 $a8 961 $aINV: 41572 996 $6245$aEconomics systems and society :$bcapitalism, communism and the third world$9(OLS)http://pul/title/57301 996 $6260$aHarmondsworth, Middlesex :$bPenguin Education$9(OLS)http://pul/publisher/64886